000 00333nam a22001457a 4500
008 150518b xxu||||| |||| 00| 0 eng d
020 _a9780073533094
020 _a0073533092
041 0 _aeng
080 _a003.07
100 1 _a40
101 _aMED
245 1 2 _aA reader for college writers /
_cSanti V. Buscemi.
942 _2udc
_cBK
999 _c807
_d807